| 000 | 00499nam a22001697a 4500 | ||
|---|---|---|---|
| 999 |
_c13935 _d13935 |
||
| 008 | 190604b ||||| |||| 00| 0 eng d | ||
| 020 | _a0-07-234732-5 | ||
| 082 |
_22004 _aDC 612 _bM26h |
||
| 100 |
_aMader, Sylvia S. _938812 |
||
| 245 |
_aHuman biology / _cSylvia S. Mader. |
||
| 250 | _aEighth Edition | ||
| 260 |
_aBoston: _bMcGraw Hill, _c©2004. |
||
| 300 | _ain various paging | ||
| 500 | _aIncludes bibliographical,references and index. | ||
| 650 |
_aHuman Biology _938813 |
||
| 942 |
_2ddc _cDC |
||